[Event "BCF-chT3 0910 (4NCL)"]
[Site "England"]
[Date "2009.10.25"]
[Round "2.6"]
[White "O'Neill, Tom C"]
[Black "Gilbert, Colin"]
[Result "0-1"]
[WhiteElo "1523"]
[BlackElo "1864"]
[PlyCount "36"]
[EventDate "2009.10.24"]
[EventType "team-tourn"]
[EventRounds "11"]
[EventCountry "ENG"]
[SourceTitle "EXT 2011"]
[Source "ChessBase"]
[SourceDate "2010.11.26"]
[SourceVersion "1"]
[SourceVersionDate "2010.11.26"]
[SourceQuality "1"]
[WhiteTeam "AMCA Hippos"]
[BlackTeam "The Full Ponty"]
[WhiteTeamCountry "ENG"]
[BlackTeamCountry "ENG"]

1. e4 c5 2. Nf3 d6 3. d4 cxd4 4. Nxd4 Nf6 5. Nc3 e5 6. Ndb5 a6 7. Na3 b5 8. Bg5 Be7 9. Bxb5+ axb5 10. Naxb5 0-0 11. Bxf6 Bxf6 12. Nxd6 Ba6 13. Qd2 Nc6 14. a3 Bg5 15. Qd5 Nd4 16. Kd1 Qf6 17. Qc5 Qf4 18. Nb1 Qc1# 0-1

[Event "BCF-chT3 0910 (4NCL)"]
[Site "England"]
[Date "2009.10.24"]
[Round "1.6"]
[White "Dean, Michael J"]
[Black "O'Neill, Tom C"]
[Result "0-1"]
[WhiteElo "1730"]
[BlackElo "1523"]
[PlyCount "68"]
[EventDate "2009.10.24"]
[EventType "team-tourn"]
[EventRounds "11"]
[EventCountry "ENG"]
[SourceTitle "EXT 2011"]
[Source "ChessBase"]
[SourceDate "2010.11.26"]
[SourceVersion "1"]
[SourceVersionDate "2010.11.26"]
[SourceQuality "1"]
[WhiteTeam "e2e4.org.uk II"]
[BlackTeam "AMCA Hippos"]
[WhiteTeamCountry "ENG"]
[BlackTeamCountry "ENG"]

1. e4 c5 2. Nf3 d6 3. d4 cxd4 4. Nxd4 Nf6 5. Nc3 a6 6. h3 e5 7. Nde2 b5 8. Bg5 Bb7 9. g4 h6 10. Bxf6 Qxf6 11. Bg2 Nd7 12. 0-0 Nb6 13. Ng3 g6 14. Nd5 Nxd5 15. exd5 Rc8 16. f4 exf4 17. Re1+ Kd8 18. Ne4 Qxb2 19. c3 f5 20. Qd4 fxe4 21. Qxh8 f3 22. Qxf8+ Kc7 23. Qf7+ Kb8 24. Bxf3 exf3 25. Qxf3 Rxc3 26. Qf8+ Ka7 27. Qxd6 Rc2 28. Qg3 Qd4+ 29. Kf1 Bxd5 30. Re7+ Bb7 31. Rae1 Rc3 32. Qg2 Qc4+ 33. Kg1 Qd4+ 34. Kh1 Rxh3# 0-1

[Event "BCF-chT3 0809 (4NCL)"]
[Site "Hinckley Island"]
[Date "2009.02.08"]
[Round "6.5"]
[White "Foster, Chantelle"]
[Black "O'Neill, Tom C"]
[Result "0-1"]
[WhiteElo "1600"]
[BlackElo "1532"]
[PlyCount "76"]
[EventDate "2008.10.18"]
[EventType "team-swiss"]
[EventRounds "11"]
[EventCountry "ENG"]
[SourceTitle "EXT 2010"]
[Source "ChessBase"]
[SourceDate "2010.11.25"]
[SourceVersion "1"]
[SourceVersionDate "2010.11.25"]
[SourceQuality "1"]
[WhiteTeam "Oxford III"]
[BlackTeam "AMCA Hippos"]
[WhiteTeamCountry "ENG"]
[BlackTeamCountry "ENG"]

1. e4 c5 2. Nf3 d6 3. d4 cxd4 4. Nxd4 Nf6 5. Nc3 a6 6. Be3 e5 7. Nb3 Be7 8. f3 Be6 9. Nd5 Nbd7 10. Qd2 Bxd5 11. exd5 e4 12. fxe4 Nxe4 13. Qb4 Ndf6 14. Qxb7 0-0 15. Bxa6 Ng4 16. Bd4 Re8 17. Bb5 Bh4+ 18. Kf1 Re7 19. Qb6 Qc8 20. Bd3 Rb8 21. Ba6 Qf5+ 22. Ke2 Rxb6 23. Bxb6 Ng3+ 24. Kd2 Bg5+ 25. Kc3 Bf6+ 26. Kb4 Re4+ 27. Ka3 Nxh1 28. Rxh1 Qxd5 29. Bd3 Re5 30. Na5 Ne3 31. Re1 Nxc2+ 32. Bxc2 Rxe1 33. Bb3 Qxg2 34. Ka4 Bxb2 35. Nc4 Qc6+ 36. Ka5 Bc3+ 37. Ka6 Re8 38. Ka7 Ra8# 0-1

[Event "Hastings Masters op 84th"]
[Site "Hastings"]
[Date "2009.01.02"]
[Round "6"]
[White "Juciute, Einora"]
[Black "O'Neill, Tom C"]
[Result "1-0"]
[WhiteElo "1815"]
[BlackElo "1518"]
[PlyCount "63"]
[EventDate "2008.12.28"]
[EventType "swiss"]
[EventRounds "9"]
[EventCountry "ENG"]
[SourceTitle "CBM 128 Extra"]
[Source "ChessBase"]
[SourceDate "2009.03.05"]
[SourceVersion "2"]
[SourceVersionDate "2009.03.25"]
[SourceQuality "1"]

1. e4 c5 2. Nf3 d6 3. d4 cxd4 4. Qxd4 Nc6 5. Bb5 a6 6. Bxc6+ bxc6 7. e5 Bb7 8. exd6 exd6 9. Bg5 c5 10. Qc3 Qd7 11. 0-0 Rc8 12. Re1+ Ne7 13. Bxe7 Bxe7 14. Qxg7 Rf8 15. Nbd2 Kd8 16. Rxe7 Kxe7 17. Re1+ Qe6 18. Rxe6+ Kxe6 19. Ng5+ Ke7 20. Nxh7 Rg8 21. Qf6+ Ke8 22. g3 Rg6 23. Qh4 Kd7 24. Ng5 Re8 25. f4 Re2 26. Qg4+ Rge6 27. Nxe6 Rxe6 28. Kf2 Ke7 29. f5 Rf6 30. Qg5 d5 31. h4 Bc8 32. g4 1-0

[Event "BCF-chT4 0708 (4NCL)"]
[Site "England"]
[Date "2008.02.09"]
[Round "5.4"]
[White "Tunstall, George S"]
[Black "O'Neill, Tom C"]
[Result "1-0"]
[WhiteElo "2000"]
[BlackElo "1551"]
[PlyCount "119"]
[EventDate "2007.09.15"]
[EventType "team-swiss"]
[EventRounds "11"]
[EventCountry "ENG"]
[SourceTitle "EXT 2009"]
[Source "ChessBase"]
[SourceDate "2008.11.26"]
[SourceVersion "1"]
[SourceVersionDate "2008.11.26"]
[SourceQuality "1"]
[WhiteTeam "AMCA Hippos"]
[BlackTeam "Conquistadors II"]
[WhiteTeamCountry "ENG"]
[BlackTeamCountry "ENG"]

1. d4 Nf6 2. c4 c5 3. d5 b5 4. cxb5 a6 5. bxa6 Bxa6 6. Nc3 g6 7. e4 Bg7 8. Bxa6 Rxa6 9. Nge2 0-0 10. 0-0 d6 11. Qc2 Nbd7 12. Rb1 Ne5 13. f4 Nc4 14. b3 Na3 15. Bxa3 Rxa3 16. Na4 Ng4 17. Rf3 Qb8 18. h3 Nh6 19. Nec3 Rc8 20. Qd3 Qb4 21. Qc4 Rb8 22. Qd3 Qd4+ 23. Qe3 Qb4 24. Qe1 Bd4+ 25. Kh1 Kg7 26. Rd1 Ng8 27. e5 Bxc3 28. Nxc3 c4 29. Rd4 Rxa2 30. bxc4 Rc2 31. Qe3 Qb2 32. Rg3 Nh6 33. Qd3 Qa1+ 34. Nd1 Rbb2 35. Kh2 Rd2 36. Qxd2 Rxd2 37. Rxd2 Nf5 38. Rc3 h5 39. g4 hxg4 40. hxg4 Nh6 41. Kg3 Qa7 42. Ne3 Qa1 43. Nd1 f5 44. exd6 exd6 45. g5 Ng4 46. c5 Qa7 47. Kg2 Qe7 48. Nf2 Nxf2 49. Kxf2 dxc5 50. d6 Qe4 51. d7 Qxf4+ 52. Ke1 Qe4+ 53. Kd1 Qb1+ 54. Rc1 Qb3+ 55. Ke2 f4 56. d8Q Qe3+ 57. Kd1 Qb3+ 58. Rcc2 Qf3+ 59. Re2 Qf1+ 60. Kd2 1-0

[Event "Hastings Masters op 83rd"]
[Site "Hastings"]
[Date "2008.01.04"]
[Round "8"]
[White "O'Neill, Tom C"]
[Black "Guo, Xi Yang"]
[Result "0-1"]
[WhiteElo "1551"]
[BlackElo "1853"]
[PlyCount "70"]
[EventDate "2007.12.28"]
[EventType "swiss"]
[EventRounds "10"]
[EventCountry "ENG"]
[SourceTitle "CBM 122 Extra"]
[Source "ChessBase"]
[SourceDate "2008.03.04"]
[SourceVersion "1"]
[SourceVersionDate "2008.03.04"]
[SourceQuality "1"]

1. e4 g6 2. d4 Bg7 3. Nc3 a6 4. Nf3 b5 5. Bd3 d6 6. Be3 Nd7 7. Qd2 Bb7 8. h4 h5 9. Ng5 Nh6 10. f3 c5 11. dxc5 Nxc5 12. 0-0-0 Rc8 13. Bxc5 Rxc5 14. Qf4 Qa5 15. Rhe1 Be5 16. Qe3 b4 17. Nd5 Qxa2 18. Kd2 Bxb2 19. Ke2 Bxd5 20. exd5 Nf5 21. Qf4 b3 22. Kf1 bxc2 23. Bxf5 Qc4+ 24. Qxc4 Rxc4 25. Rxe7+ Kxe7 26. Re1+ Kf8 27. Bxc2 Rxc2 28. Re3 Bc1 29. Rb3 Bxg5 30. hxg5 Kg7 31. Rb6 Rd8 32. Rxa6 Rb8 33. Kg1 Rbb2 34. Rxd6 Rxg2+ 35. Kh1 Rgd2 0-1

[Event "Hastings Masters op 83rd"]
[Site "Hastings"]
[Date "2007.12.31"]
[Round "4"]
[White "Lee, Jia Shen"]
[Black "O'Neill, Tom C"]
[Result "1-0"]
[WhiteElo "1920"]
[BlackElo "1551"]
[PlyCount "85"]
[EventDate "2007.12.28"]
[EventType "swiss"]
[EventRounds "10"]
[EventCountry "ENG"]
[SourceTitle "CBM 122 Extra"]
[Source "ChessBase"]
[SourceDate "2008.03.04"]
[SourceVersion "1"]
[SourceVersionDate "2008.03.04"]
[SourceQuality "1"]

1. d4 Nf6 2. Nf3 g6 3. c4 d6 4. Nc3 Bg7 5. e4 0-0 6. Be2 Na6 7. Bg5 Ne8 8. 0-0 Bg4 9. Qd2 c6 10. Rab1 f6 11. Be3 e5 12. d5 Qd7 13. Ne1 Bxe2 14. Qxe2 f5 15. f3 f4 16. Bf2 h5 17. b4 Nac7 18. a4 g5 19. dxc6 bxc6 20. b5 Rf6 21. a5 Rg6 22. b6 axb6 23. axb6 c5 24. bxc7 Nxc7 25. Rb7 g4 26. Nd5 g3 27. Rxc7 gxh2+ 28. Kxh2 Qe6 29. Ne7+ Kh7 30. Nxg6 Kxg6 31. Nc2 h4 32. Ra1 Rh8 33. Raa7 Bf6 34. Qd3 h3 35. g4 fxg3+ 36. Bxg3 Qg8 37. Qd5 Qb8 38. Qf7+ Kg5 39. Qe6 Qb2 40. Qf5+ Kh6 41. Qxf6+ Kh5 42. Qf5+ Kh6 43. Rh7+ 1-0

[Event "Hastings Masters op 83rd"]
[Site "Hastings"]
[Date "2007.12.30"]
[Round "3"]
[White "O'Neill, Tom C"]
[Black "Spanton, Timothy"]
[Result "0-1"]
[WhiteElo "1551"]
[BlackElo "1985"]
[PlyCount "100"]
[EventDate "2007.12.28"]
[EventType "swiss"]
[EventRounds "10"]
[EventCountry "ENG"]
[SourceTitle "CBM 122 Extra"]
[Source "ChessBase"]
[SourceDate "2008.03.04"]
[SourceVersion "1"]
[SourceVersionDate "2008.03.04"]
[SourceQuality "1"]

1. e4 e5 2. Nf3 Nc6 3. Bb5 Nf6 4. 0-0 Nxe4 5. d4 Nd6 6. Bxc6 dxc6 7. dxe5 Nf5 8. Qxd8+ Kxd8 9. Bf4 Ke8 10. Nc3 Be7 11. Rfe1 h6 12. Ne4 Be6 13. b3 b6 14. Rad1 a5 15. h3 Rd8 16. g4 Nh4 17. Nxh4 Bxh4 18. Rxd8+ Bxd8 19. Bc1 h5 20. Ng5 hxg4 21. Nxe6 fxe6 22. hxg4 Rh4 23. f3 Be7 24. Re2 Bc5+ 25. Be3 Bxe3+ 26. Rxe3 c5 27. Re2 Kd7 28. c4 Rh8 29. Rh2 Rf8 30. Kf2 Ke7 31. Ke3 a4 32. g5 Kf7 33. Rd2 Ke7 34. f4 Rh8 35. Rf2 a3 36. Kf3 Rh1 37. Kg2 Rb1 38. g6 Rb2 39. Kf3 Kd7 40. Ke3 Kc6 41. Rd2 Kb7 42. Kd3 Rb1 43. f5 exf5 44. e6 Re1 45. Re2 Rxe2 46. Kxe2 Kc6 47. e7 Kd7 48. e8Q+ Kxe8 49. Ke3 Ke7 50. Kf4 Kf6 0-1

[Event "Hastings Masters op 83rd"]
[Site "Hastings"]
[Date "2007.12.29"]
[Round "2"]
[White "Andersen, Daniel"]
[Black "O'Neill, Tom C"]
[Result "1-0"]
[WhiteElo "2013"]
[BlackElo "1551"]
[PlyCount "68"]
[EventDate "2007.12.28"]
[EventType "swiss"]
[EventRounds "10"]
[EventCountry "ENG"]
[SourceTitle "CBM 122 Extra"]
[Source "ChessBase"]
[SourceDate "2008.03.04"]
[SourceVersion "1"]
[SourceVersionDate "2008.03.04"]
[SourceQuality "1"]

1. c4 Nf6 2. Nc3 g6 3. e4 d6 4. d4 Bg7 5. f3 0-0 6. Be3 c6 7. Bd3 Na6 8. Nge2 Qc7 9. Qd2 Ne8 10. 0-0-0 f5 11. exf5 Bxf5 12. Bxf5 Rxf5 13. Kb1 b5 14. Ng3 b4 15. Nce2 Ra5 16. Bh6 Rxa2 17. Kxa2 Qa5+ 18. Kb1 Bxh6 19. Qxh6 b3 20. Nc3 Nb4 21. Rd2 Na2 22. Nge2 Qf5+ 23. Ka1 Nb4 24. Qf4 Qa5+ 25. Kb1 Rb8 26. h4 Rb6 27. Qg5 e5 28. Qe7 Rb8 29. dxe5 Nc2 30. Kc1 Qa1+ 31. Nb1 Na3 32. Nec3 Nxc4 33. Qe6+ Kg7 34. Qxc4 dxe5 1-0

[Event "Hastings Masters op 83rd"]
[Site "Hastings"]
[Date "2007.12.28"]
[Round "1"]
[White "O'Neill, Tom C"]
[Black "Gibson, Christopher A"]
[Result "0-1"]
[WhiteElo "1551"]
[BlackElo "2032"]
[PlyCount "82"]
[EventDate "2007.12.28"]
[EventType "swiss"]
[EventRounds "10"]
[EventCountry "ENG"]
[SourceTitle "CBM 122 Extra"]
[Source "ChessBase"]
[SourceDate "2008.03.04"]
[SourceVersion "1"]
[SourceVersionDate "2008.03.04"]
[SourceQuality "1"]

1. e4 c5 2. Nf3 d6 3. d4 cxd4 4. Nxd4 Nf6 5. Nc3 a6 6. Bg5 e6 7. f4 Qc7 8. Qf3 Nc6 9. 0-0-0 Bd7 10. Nxc6 bxc6 11. Bxf6 gxf6 12. Bc4 h5 13. f5 e5 14. Rhf1 a5 15. h3 h4 16. g4 a4 17. Kb1 Bh6 18. Rd3 Bc8 19. Rfd1 Bf8 20. Qg2 Qb6 21. g5 Qb4 22. Bxf7+ Kxf7 23. g6+ Kg7 24. a3 Qb8 25. Na2 Ba6 26. Nb4 Bxd3 27. Rxd3 Qb7 28. Qd2 Be7 29. c4 Rad8 30. Qc3 Rd7 31. c5 dxc5 32. Qc4 Bd6 33. Nc2 Rb8 34. Kc1 Bf8 35. Rxd7+ Qxd7 36. Qe2 Rd8 37. Qh5 Qd2+ 38. Kb1 Qh6 39. Qe2 Qd2 40. Qh5 Qd1+ 41. Ka2 Qxh5 0-1

[Event "BCF-chT4 0607 (4NCL)"]
[Site "Sunningdale"]
[Date "2006.12.03"]
[Round "3.4"]
[White "Rigby Zeghlache, Elyes R"]
[Black "O'Neill, Tom C"]
[Result "0-1"]
[WhiteElo "1705"]
[BlackElo "1690"]
[PlyCount "46"]
[EventDate "2006.09.16"]
[EventType "team-tourn"]
[EventRounds "11"]
[EventCountry "ENG"]
[SourceTitle "EXT 2008"]
[Source "ChessBase"]
[SourceDate "2007.11.25"]
[SourceVersion "1"]
[SourceVersionDate "2007.11.25"]
[SourceQuality "1"]
[WhiteTeam "London Mstrs II"]
[BlackTeam "Conquistadors II"]
[WhiteTeamCountry "ENG"]
[BlackTeamCountry "ENG"]

1. e4 c5 2. d3 Nc6 3. g3 g6 4. Bg2 e5 5. c3 Bg7 6. f4 d6 7. Nf3 Bg4 8. Be3 Qb6 9. Qd2 Nh6 10. Na3 Be6 11. fxe5 Nxe5 12. Nxe5 dxe5 13. Bxh6 Bxh6 14. Qc2 0-0 15. Rf1 Rad8 16. h3 c4 17. Rf3 cxd3 18. Rxd3 Qg1+ 19. Bf1 Bxh3 20. Rf3 Bxf1 21. Rxf1 Qxg3+ 22. Qf2 Bd2+ 23. Ke2 Qd3+ 0-1

[Event "BCF-chT4 0506 (4NCL)"]
[Site "West Bromwich"]
[Date "2006.02.11"]
[Round "5.6"]
[White "O'Neill, Tom C"]
[Black "Larter, Nick J"]
[Result "0-1"]
[WhiteElo "1630"]
[BlackElo "1750"]
[PlyCount "116"]
[EventDate "2005.11.05"]
[EventType "team-tourn"]
[EventRounds "11"]
[EventCountry "ENG"]
[SourceTitle "CBM 109 Extra"]
[Source "ChessBase"]
[SourceDate "2006.01.03"]
[SourceVersion "2"]
[SourceVersionDate "2006.01.03"]
[SourceQuality "1"]
[WhiteTeam "Addlestone"]
[BlackTeam "Celtic Tigers"]
[WhiteTeamCountry "ENG"]
[BlackTeamCountry "ENG"]

1. e4 e6 2. d4 d5 3. Nc3 Nf6 4. Bg5 Bb4 5. e5 h6 6. exf6 hxg5 7. fxg7 Rg8 8. a3 Ba5 9. b4 Bb6 10. Nf3 Qf6 11. Ne5 Nd7 12. Na4 Bxd4 13. Qxd4 Qxe5+ 14. Qxe5 Nxe5 15. h4 gxh4 16. Rxh4 Rxg7 17. Rh8+ Ke7 18. 0-0-0 b6 19. c4 Bb7 20. Rh5 Nxc4 21. Bxc4 dxc4 22. g3 Bf3 23. Re5 Bxd1 24. Kxd1 f5 25. Nc3 Rd8+ 26. Ke2 a6 27. a4 Rd3 28. Nd1 Kd6 29. Re3 Rxe3+ 30. Nxe3 b5 31. axb5 axb5 32. Nc2 e5 33. Ne3 Rf7 34. Nc2 c5 35. Kf3 cxb4 36. Nxb4 Ra7 37. Ke2 Ra4 38. Nc2 Ra2 39. Kd1 Rxc2 40. Kxc2 b4 41. f3 Ke6 42. Kd2 Kf6 43. Kc2 Kg5 44. Kd2 e4 45. fxe4 fxe4 46. Ke3 Kg4 47. Kxe4 Kxg3 48. Kd4 c3 49. Kd3 Kf2 50. Kc2 Ke1 51. Kc1 b3 52. Kb1 Kd2 53. Ka1 c2 54. Kb2 c1Q+ 55. Kxb3 Qc5 56. Ka4 Qb6 57. Ka3 Kc3 58. Ka2 Qb2# 0-1